000 00313nam a2200133Ia 4500
005 20260328104304.0
008 260328s9999||||xx |||||||||||||| ||und||
100 _aPapani, Giovanni
245 0 _aEl Decamerón /
_cGiovanni Papani
260 _bEl ateneo
300 _a885 p.
650 _aCUENTOS
942 _cBK
999 _c10704
_d10704